[Event "Trophee Roza Lallemand Online"]
[Site "Tornelo INT"]
[Date "2020.12.13"]
[Round "9"]
[White "Mata, Maria"]
[Black "Bernard, Ines"]
[Result "1-0"]
[WhiteElo "1684"]
[BlackElo "1219"]
[PlyCount "79"]
[EventDate "2020.12.13"]
[EventType "swiss (rapid)"]
[EventRounds "9"]
[EventCountry "USA"]
[SourceTitle "EXT 2022"]
[Source "ChessBase"]
[SourceDate "2021.10.06"]
[SourceVersion "1"]
[SourceVersionDate "2021.10.06"]
[SourceQuality "1"]

1. e4 e6 2. d3 d5 3. Nd2 dxe4 4. dxe4 Nc6 5. Ngf3 Bc5 6. g3 Nf6 7. Bg2 0-0 8. 0-0 Nd7 9. Nb3 Bb6 10. Qe2 f5 11. a4 a6 12. Rd1 fxe4 13. Qxe4 Qf6 14. Bg5 Qf7 15. Be3 Nf6 16. Qf4 Bxe3 17. Qxe3 Nd5 18. Qe4 Qf5 19. Qxf5 Rxf5 20. Nbd4 Nxd4 21. Nxd4 Rf6 22. Re1 c6 23. Re5 Bd7 24. Rae1 Re8 25. Nb3 Ref8 26. Nc5 Bc8 27. f4 Re8 28. a5 Kf7 29. Bh3 h6 30. Ne4 Rg6 31. Nd6+ Kf8 32. Nxe8 Kxe8 33. Bxe6 Bxe6 34. Rxe6+ Rxe6 35. Rxe6+ Kf7 36. Rd6 Ke7 37. Rg6 Kf7 38. f5 Ne3 39. Rd6 Ke7 40. Re6+ 1-0

[Event "FRA-ch U16 Girls"]
[Site "Pau"]
[Date "2015.04.29"]
[Round "5"]
[White "Broly, Mathilde"]
[Black "Mata, Maria"]
[Result "1-0"]
[WhiteElo "1885"]
[BlackElo "1518"]
[PlyCount "119"]
[EventDate "2015.04.26"]
[EventType "swiss"]
[EventRounds "9"]
[EventCountry "FRA"]
[SourceTitle "CBM 166 Extra"]
[Source "ChessBase"]
[SourceDate "2015.06.18"]
[SourceVersion "1"]
[SourceVersionDate "2015.06.18"]
[SourceQuality "1"]

1. Nf3 Nf6 2. c4 d6 3. d4 c5 4. Nc3 Nc6 5. d5 Nb8 6. e4 Bg4 7. Be2 Nbd7 8. 0-0 g6 9. h3 Bxf3 10. gxf3 Bg7 11. Be3 a6 12. Qd2 h5 13. Kh2 0-0 14. Bh6 Kh7 15. Bxg7 Kxg7 16. Rg1 Kh7 17. f4 Qe8 18. Rg2 Rg8 19. f5 Qf8 20. fxg6+ Rxg6 21. Rxg6 fxg6 22. f4 Qh6 23. Rf1 Rg8 24. Qc2 Kh8 25. h4 Ng4+ 26. Bxg4 hxg4 27. Qf2 Rf8 28. Qg3 Ne5 29. Kg2 Nxc4 30. b3 Nb6 31. Qxg4 Qh5 32. Kg3 Rf7 33. Re1 Qxg4+ 34. Kxg4 Nd7 35. Kf3 b5 36. Ke3 Kg7 37. Ne2 Kf6 38. Ng3 e6 39. dxe6 Kxe6 40. f5+ gxf5 41. exf5+ Kf6 42. Kf4 Ne5 43. Ne4+ Ke7 44. Rd1 Ng6+ 45. Kg5 Nxh4 46. f6+ Kf8 47. Kxh4 c4 48. bxc4 bxc4 49. Rxd6 Rc7 50. Rxa6 c3 51. Nxc3 Rxc3 52. Ra7 Rc1 53. a4 Rh1+ 54. Kg5 Rg1+ 55. Kf5 Rf1+ 56. Ke6 Re1+ 57. Kd5 Rd1+ 58. Kc6 Rc1+ 59. Kb5 Rb1+ 60. Kc4 1-0

[Event "FRA-ch op"]
[Site "Nimes"]
[Date "2014.08.25"]
[Round "7"]
[White "Mata, Maria"]
[Black "Gourbiere, Yohan"]
[Result "1/2-1/2"]
[WhiteElo "1473"]
[BlackElo "1341"]
[PlyCount "77"]
[EventDate "2014.08.17"]
[EventType "swiss"]
[EventRounds "11"]
[EventCountry "FRA"]
[SourceTitle "EXT 2015"]
[Source "ChessBase"]
[SourceDate "2014.11.20"]
[SourceVersion "1"]
[SourceVersionDate "2014.11.20"]
[SourceQuality "1"]

1. e4 c5 2. Nc3 Nc6 3. f4 e6 4. Nf3 Nge7 5. d3 g6 6. Be2 Bg7 7. 0-0 a6 8. e5 b6 9. d4 cxd4 10. Nxd4 Nxd4 11. Qxd4 d5 12. Be3 Rb8 13. Bxa6 Nf5 14. Bb5+ Bd7 15. Qd3 Qc7 16. Bf2 0-0 17. Bxd7 Qxd7 18. Nb5 Rfc8 19. Rfc1 Rc4 20. Nd4 Nxd4 21. Bxd4 Qc7 22. b3 Rc6 23. c4 b5 24. c5 b4 25. Rc2 Bf8 26. Rac1 Qa5 27. g3 Rb5 28. Kg2 Bxc5 29. Qd2 Qa7 30. a4 bxa3 31. b4 Bxb4 32. Qxb4 Rxb4 33. Bxa7 Rxc2+ 34. Rxc2 Rb2 35. Rf2 a2 36. Kf3 Kf8 37. Kg2 Kg8 38. Kf3 Kf8 39. Kg2 1/2-1/2

[Event "FRA-ch U12 Girls"]
[Site "Montlucon"]
[Date "2011.04.23"]
[Round "8"]
[White "Tournebise, Nikita"]
[Black "Mata, Maria"]
[Result "1-0"]
[WhiteElo "1560"]
[BlackElo "1250"]
[PlyCount "101"]
[EventDate "2011.04.17"]
[EventType "swiss"]
[EventRounds "9"]
[EventCountry "FRA"]
[SourceTitle "CBM 142 Extra"]
[Source "ChessBase"]
[SourceDate "2011.06.27"]
[SourceVersion "1"]
[SourceVersionDate "2011.06.27"]
[SourceQuality "1"]

1. e4 e5 2. Nf3 Nc6 3. Bc4 Bc5 4. b4 Bxb4 5. c3 Bc5 6. 0-0 Nf6 7. d4 exd4 8. cxd4 Bb6 9. e5 Ng4 10. Nc3 0-0 11. Bg5 Qe8 12. h3 Nh6 13. Ne4 Nf5 14. Be3 Nxe3 15. fxe3 d6 16. Nfg5 Be6 17. d5 Bxe3+ 18. Kh1 Bxg5 19. Nxg5 Nxe5 20. dxe6 fxe6 21. Nxe6 Rxf1+ 22. Qxf1 Nxc4 23. Qxc4 Qf7 24. Rf1 d5 25. Rxf7 dxc4 26. Rxg7+ Kh8 27. Rxc7 b5 28. Nd4 a6 29. Nc2 Kg8 30. Nb4 Kf8 31. Rxh7 Kg8 32. Rc7 Kf8 33. Kg1 a5 34. Nc2 Rd8 35. Na3 Rd2 36. Nxb5 Rxa2 37. Rxc4 a4 38. Nc3 Ra1+ 39. Kh2 a3 40. Ra4 Ke7 41. Nb5 a2 42. Nc3 Rb1 43. Rxa2 Kf6 44. Nxb1 Kg5 45. g3 Kh5 46. Ra5+ Kg6 47. h4 Kh6 48. g4 Kg6 49. Ra6+ Kg7 50. g5 Kh7 51. h5 1-0

[Event "FRA-ch U12 Girls"]
[Site "Montlucon"]
[Date "2011.04.21"]
[Round "6"]
[White "Guerin, Juliette"]
[Black "Mata, Maria"]
[Result "0-1"]
[WhiteElo "1530"]
[BlackElo "1250"]
[PlyCount "84"]
[EventDate "2011.04.17"]
[EventType "swiss"]
[EventRounds "9"]
[EventCountry "FRA"]
[SourceTitle "CBM 142 Extra"]
[Source "ChessBase"]
[SourceDate "2011.06.27"]
[SourceVersion "1"]
[SourceVersionDate "2011.06.27"]
[SourceQuality "1"]

1. e4 e5 2. Bc4 Nf6 3. d3 Bc5 4. Nc3 Nc6 5. Nf3 0-0 6. Bg5 h6 7. Bh4 Be7 8. 0-0 d6 9. h3 Be6 10. Bb3 Nh5 11. Bxe7 Qxe7 12. Bxe6 Qxe6 13. Nd5 Rac8 14. Nh4 Nf6 15. c4 Nd4 16. Nf5 Nxf5 17. exf5 Qd7 18. Nxf6+ gxf6 19. Qg4+ Kh7 20. Rfe1 Qc6 21. Qe4 Qxe4 22. dxe4 Rg8 23. Re3 Rg7 24. Kf1 Rcg8 25. g4 h5 26. f3 Kh6 27. Ke2 Kg5 28. Rh1 Kf4 29. Rg1 Rh8 30. Kd3 a6 31. a3 b5 32. b3 c6 33. Kd2 Rb8 34. cxb5 axb5 35. h4 Ra8 36. b4 c5 37. Rb3 c4 38. Rc3 hxg4 39. fxg4 Rxg4 40. Rf1+ Kxe4 41. Rh3 Rg2+ 42. Kc3 Rxa3# 0-1